000 00611cam a2200217 4500
001 J112267
008 000000n2000 000 0 eng u
035 _a(Sirsi) u112267
110 _aInstitute of Building Control
_93341
245 _aInstitute of Building Control resource book 2000-2001
260 _aEpsom
_bIBC
_c2000
300 _a52p. ; 30cm.
520 _aHeld in storage in the basement
650 _aIBC
650 _aINSTITUTE OF BUILDING CONTROL
650 _aSTRUCTURE
650 _aCOMMITTEES
650 _aPROFESSIONAL ASSOCIATIONS
690 _aPROFESSIONAL PRACTICE
942 _n0
999 _c101381
_d101381